000 00654nam a22001697a 4500
003 NUST
038 _aNusrat Nadeem
082 _a200
100 _aAtif, Iqra
_9124257
245 _aHydro-Glaciological Modelling of Contrasting Hydrological Regimes of Upper Indus Basin under IPCC Climate Change Scenarios Using Fully Distributed TOPKAPI Model/
_cIqra Atif
264 _aIslamabad;
_bIGIS (SCEE) NUST;
_c2019.
300 _a138,p;
_bill;
_c30,cm.
650 _aPhD-Geographical Information System and Remote Sensing
_9123885
700 _aSupervisor:Dr.Javed Iqbal
856 _u http://10.250.8.41:8080/xmlui/handle/123456789/34683
942 _2ddc
_cSC
999 _c610164
_d610164